載入...
Textbook of plant physiology /
| 主要作者: | |
|---|---|
| 語言: | Undetermined |
| 出版: |
New Delhi :
Ane Books India ,
2007.
|
| 版: | Rev.ed 5 |
| 主題: |
| LEADER | 00539nam a2200169Ia 4500 | ||
|---|---|---|---|
| 001 | 158322 | ||
| 008 | 170722s9999 xx 000 0 und d | ||
| 100 | |a Verma, V. | ||
| 245 | |a Textbook of plant physiology / | ||
| 250 | |a Rev.ed 5 | ||
| 260 | |a New Delhi : |b Ane Books India , |c 2007. | ||
| 300 | |a 563 p. | ||
| 653 | |a Plant Physiology | ||
| 923 | |d 20080829 |n MBC-1272/0 | ||
| 942 | |c GEN | ||
| 999 | |c 137651 |d 137651 | ||
| 952 | |0 0 |1 0 |4 0 |6 I_3_P71TB |7 0 |9 194546 |a LIB |b LIB |d 2013-03-25 |e Modern Book Centre |o I:3 P71(TB) |p 268720 |r 2017-08-12 |v 20.00 |w 2017-08-12 |y GEN | ||